000
00314nam a2200121Ia 4500
008
191201s2012 xx 000 0 und d
100
_a
RAM Niwas
245
0
_a
Dronacharya Topic Wise Course Gate Solutions ECE
260
_a
N. Delhi
_b
Dronacharya pub
_c
2012
300
_a
1027
650
_a
M.Tech(CSE)
942
_2
ddc
_c
BK
999
_c
27
_d
27